Nakladanie s komunálnym odpadom

Salvato in:
Dettagli Bibliografici
Autore principale: Bačová, Monika
Natura: Capitolo di libro
Lingua:slovacco
Tags: Aggiungi Tag
Nessun Tag, puoi essere il primo ad aggiungerne!!

MARC

LEADER 00000nla a2200000 4500
001 0240138
005 20240502073909.6
041 0 |a slo 
044 |a SK 
245 1 0 |a Nakladanie s komunálnym odpadom  |c Monika Bačová 
500 |a Abstrakt 
100 1 |a Bačová, Monika